Normal view
MARC view
Entry Personal Name
001 - CONTROL NUMBER
- control field: 6551
003 - CONTROL NUMBER IDENTIFIER
- control field: ARRUPE
005 - DATE AND TIME OF LATEST TRANSACTION
- control field: 20140113130308.0
008 - FIXED-LENGTH DATA ELEMENTS
- fixed length control field: 140113|| aca||aabn | a|a d
040 ## - CATALOGING SOURCE
- Original cataloging agency: ARRUPE
- Transcribing agency: ARRUPE
100 ## - HEADING--PERSONAL NAME
- Personal name: Hay, Ian
670 ## - SOURCE DATA FOUND
- Source citation: Work cat.: (ARRUPE): Hay, Ian, The Battle of Flanders 1940, 1940